Honduras: Escenarios movedizos y oportunidad histórica /
Salvato in:
| Autore principale: | |
|---|---|
| Natura: | testo |
| Tags: |
Aggiungi Tag
Nessun Tag, puoi essere il primo ad aggiungerne!!
|
MARC
| LEADER | 00000 a a2200000 04500 | ||
|---|---|---|---|
| 001 | 41663 | ||
| 003 | |||
| 040 | |||
| 100 | |a Moreno, Ismael | ||
| 245 | |a Honduras: |b Escenarios movedizos y oportunidad histórica / |c Ismael Moreno | ||
| 773 | |g volumen7, número23 (2009), páginas 1-5 | ||
| 999 | |c 39334 |d 39334 | ||
